000 00465nam a22001577a 4500
008 230630b |||||||| |||| 00| 0 eng d
040 _aNational Science Library
_cNational Science Library
080 _a82-ISHA
_bQ8,2
100 _aSharma, Bhuvneshwarkar
245 _aभारत भूप्रशस्ति:
246 _aBhart bhuprashasti
260 _aOdisha:
_bViswamukti,
_c2018
300 _a115p.
650 _aLand reforms
942 _2udc
_cHDK
999 _c48412
_d48412